Stabilizační aspekty ekonomických reforem v Maďarsku, Polsku, Sovětském svazu a Česko-Slovensku.
Makroekonomické aspekty ekonomických reforiem vo vybraných krajinách uplatňujúcich odlišné typy reformnej stratégie: Maďarsko - pozvolný prechod k trhovému hospodárstvu, Poľsko - urýchlená cesta k trhovému hospodárstvu, ZSSR - zavádzanie trhových prvkov do ekonomiky, v ktorej prevláda centrálne riad...
Guardado en:
| Autor principal: | |
|---|---|
| Formato: | Capítulo de libro |
| Lenguaje: | checo |
| Materias: | |
| Etiquetas: |
Sin Etiquetas, Sea el primero en etiquetar este registro!
|
MARC
| LEADER | 00000naa a2200000 4500 | ||
|---|---|---|---|
| 001 | r006573 | ||
| 005 | 20221125080712.9 | ||
| 041 | 0 | |a cze | |
| 044 | |a [CS] | ||
| 245 | 1 | 0 | |a Stabilizační aspekty ekonomických reforem v Maďarsku, Polsku, Sovětském svazu a Česko-Slovensku. |c Slavoj Czesaný |
| 520 | |a Makroekonomické aspekty ekonomických reforiem vo vybraných krajinách uplatňujúcich odlišné typy reformnej stratégie: Maďarsko - pozvolný prechod k trhovému hospodárstvu, Poľsko - urýchlená cesta k trhovému hospodárstvu, ZSSR - zavádzanie trhových prvkov do ekonomiky, v ktorej prevláda centrálne riadenie a ČSFR - kde sa vychádza z makroekonomickej stabilizácie opierajúcej sa o reštrikciu dopytu s blokovaním inflačného procesu. Podobné dôsledky ekonomických reforiem vo všetkých štyroch krajinách. | ||
| 610 | 2 | 0 | |a reformy hospodárske |
| 610 | 2 | 0 | |a stratégia hospodárska |
| 610 | 2 | 0 | |a MR |
| 610 | 2 | 0 | |a PR |
| 610 | 2 | 0 | |a ZSSR |
| 610 | 2 | 0 | |a ČSFR |
| 610 | 2 | 0 | |a hospodárstvo trhové |
| 610 | 2 | 0 | |a stabilizácia hospodárstva |
| 610 | 2 | 0 | |a dopyt |
| 610 | 2 | 0 | |a inflácia |
| 100 | 1 | |a Czesaný, Slavoj | |